000 00525nam a2200181Ia 4500
005 20250508163653.0
008 008 250505s9999 xx 000 0 hin d
037 _aTextual
040 _aFEDL
_beng
_cFEDL
041 _ahin
_2eng
084 _a303.40954, ACH
_qFEDL
100 _aVimla Achrya
_9775942
245 0 _aBhartiya punarjagran ke samajik prbhav
260 _aGhaziabad, India
_bK.L. Pachori Prakashan
_c1997
300 _a160p.
942 _cTEXL
_h303.40954, ACH
999 _c1384620
_d1384620